000 00306nam a2200109 a 4500
005 20141022142000.0
008 100825s19uu xx 00 eng d
050 _aVHS
_bM46 2004
245 _aMedication Administration :
_bRoutes of administration.
650 _aVHS
_xRoutes of administration
942 _cAVM
999 _c276223
_d276223